Glimpses of life in America (Record no. 301363)
[ view plain ]
| 000 -LEADER | |
|---|---|
| fixed length control field | 00516 a2200157 4500 |
| 001 - CONTROL NUMBER | |
| control field | 66290 |
| 003 - CONTROL NUMBER IDENTIFIER | |
| control field | NUST |
| 005 - DATE AND TIME OF LATEST TRANSACTION | |
| control field | 20180119121232.0 |
| 008 - FIXED-LENGTH DATA ELEMENTS--GENERAL INFORMATION | |
| fixed length control field | 180119b xxu||||| |||| 00| 0 eng d |
| 022 ## - INTERNATIONAL STANDARD SERIAL NUMBER | |
| International Standard Serial Number | 969-407-313-8 |
| 082 ## - DEWEY DECIMAL CLASSIFICATION NUMBER | |
| Classification number | 917.3035 ARI |
| 100 ## - MAIN ENTRY--PERSONAL NAME | |
| Personal name | Arif Hussaini, Syed |
| 9 (RLIN) | 9073 |
| 245 ## - TITLE STATEMENT | |
| Title | Glimpses of life in America |
| Statement of responsibility, etc. | Syed Arif Hussaini |
| Medium | English |
| 260 ## - PUBLICATION, DISTRIBUTION, ETC. | |
| Place of publication, distribution, etc. | Rex Center, Fatima Jinnah Road, Karachi PO box No. 7737 |
| Name of publisher, distributor, etc. | Royal Book Company |
| Date of publication, distribution, etc. | 2005 |
| 300 ## - PHYSICAL DESCRIPTION | |
| Extent | xi, 266p, Pb |
| Dimensions | 14x22cm |
| 505 ## - FORMATTED CONTENTS NOTE | |
| Statement of responsibility | Syed Arif Hussaini |
| Title | Glimpses of Life in America |
| 650 ## - SUBJECT ADDED ENTRY--TOPICAL TERM | |
| Topical term or geographic name entry element | american life |
| 9 (RLIN) | 9074 |
| 942 ## - ADDED ENTRY ELEMENTS (KOHA) | |
| Institution code [OBSOLETE] | NUST-CAE |
| Koha item type | Book |
| Call number prefix | 917.3035 ARI |
| Source of classification or shelving scheme | |
| Withdrawn status | Lost status | Damaged status | Not for loan | Collection code | Permanent Location | Current Location | Date acquired | Total Checkouts | Full call number | Barcode | Date last seen | Price effective from | Koha item type |
|---|---|---|---|---|---|---|---|---|---|---|---|---|---|
| College of Aeronautical Engineering (CAE) | College of Aeronautical Engineering (CAE) | 04/03/2017 | 917.3035 ARI | CAE82103 | 04/05/2017 | 04/05/2017 | Book |
